[Event "Fagernes Chess International"]
[Site "Fagernes"]
[Date "2015.03.29"]
[Round "7"]
[White "Tari, Aryan"]
[Black "Rozentalis, Eduardas"]
[Result "1/2-1/2"]
[WhiteElo "2509"]
[BlackElo "2549"]
[Annotator "Doe,John"]
[PlyCount "46"]
[EventDate "2015.??.??"]

1. e4 Nf6 2. e5 Nd5 3. d4 d6 4. Nf3 g6 5. Bc4 Nb6 6. Bb3 Bg7 7. O-O O-O 8. a4
a5 9. Qe2 d5 10. h3 Na6 11. Be3 c6 12. Na3 Nc7 13. Rad1 f6 14. Qd2 Be6 15. Qe2
Nd7 16. Rfe1 Bf7 17. Bf4 Ne6 18. Bh2 Qb6 19. Qd3 Qb4 20. Re2 f5 21. Rde1 Rfd8
22. Qd1 Qb6 23. c3 Rac8
1/2-1/2

[Event "Fagernes Chess International"]
[Site "Fagernes"]
[Date "2015.03.29"]
[Round "7"]
[White "Johannessen, Leif E"]
[Black "Røyset, Pål"]
[Result "1-0"]
[WhiteElo "2527"]
[BlackElo "2251"]
[Annotator "Doe,John"]
[PlyCount "63"]
[EventDate "2015.??.??"]

1. Nf3 Nf6 2. c4 e6 3. Nc3 d5 4. d4 Bb4 5. Bg5 O-O 6. e3 Nbd7 7. cxd5 exd5 8.
Bd3 c6 9. O-O Re8 10. Qc2 h6 11. Bh4 Qa5 12. a3 Bxc3 13. bxc3 Ne4 14. c4 Ndf6
15. Ne5 Nd6 16. c5 Nde4 17. f3 Ng5 18. Bxg5 hxg5 19. Qf2 Nd7 20. f4 Nxe5 21.
fxe5 Be6 22. Qg3 Qd8 23. Qf3 g4 24. Qf4 b6 25. Rac1 Qd7 26. Qg5 Qe7 27. Rf6
bxc5 28. Qh5 Qb7 29. Rcf1 cxd4 30. Qh7+ Kf8 31. Bg6 Rab8 32. Rxe6
1-0

[Event "Fagernes Chess International"]
[Site "Fagernes"]
[Date "2015.03.29"]
[Round "7"]
[White "Urkedal, Frode Olav Olsen"]
[Black "Goossens, Hanne"]
[Result "1-0"]
[WhiteElo "2524"]
[BlackElo "2168"]
[Annotator "Doe,John"]
[PlyCount "65"]
[EventDate "2015.??.??"]

1. d4 Nf6 2. c4 e6 3. Nf3 c5 4. d5 exd5 5. cxd5 d6 6. Nc3 g6 7. Bf4 a6 8. a4
Bg7 9. h3 O-O 10. e3 Re8 11. Nd2 Bf5 12. Be2 Ne4 13. Ndxe4 Bxe4 14. O-O g5 15.
Bg3 Bg6 16. Qd2 Qe7 17. Rae1 Nd7 18. Kh1 Rac8 19. Bg4 c4 20. e4 Rb8 21. Bxd7
Qxd7 22. Qxg5 b5 23. axb5 axb5 24. f3 b4 25. Nd1 Rbc8 26. Bf4 f5 27. h4 fxe4
28. h5 e3 29. Nxe3 Bd3 30. h6 Bxf1 31. Rxf1 Rf8 32. hxg7 Rf7 33. Ng4
1-0

[Event "Fagernes Chess International"]
[Site "Fagernes"]
[Date "2015.03.29"]
[Round "7"]
[White "Werle, Jan"]
[Black "Graf, Felix"]
[Result "1-0"]
[WhiteElo "2514"]
[BlackElo "2478"]
[Annotator "Doe,John"]
[PlyCount "65"]
[EventDate "2015.??.??"]

1. Nf3 Nf6 2. c4 e6 3. Nc3 Bb4 4. Qc2 O-O 5. a3 Bxc3 6. Qxc3 a5 7. d4 d6 8. Bg5
Nbd7 9. e3 b6 10. Nd2 Bb7 11. f3 a4 12. Be2 c5 13. O-O Nd5 14. cxd5 Qxg5 15.
dxe6 fxe6 16. Bc4 Qe7 17. Rac1 d5 18. Bb5 Rfc8 19. Bxd7 Qxd7 20. f4 Ra5 21. Nf3
Ba6 22. Rfe1 Rb5 23. Qd3 Qb7 24. Ng5 g6 25. Qd2 Rb3 26. Nxe6 Qe7 27. Ng5 Bd3
28. Rc3 c4 29. Qxd3 Rxb2 30. Qd1 b5 31. e4 Rb3 32. exd5 Qxa3 33. Qg4
1-0

[Event "Fagernes Chess International"]
[Site "Fagernes"]
[Date "2015.03.29"]
[Round "7"]
[White "Getz, Nicolai"]
[Black "Galinsky, Timofey"]
[Result "0-1"]
[WhiteElo "2367"]
[BlackElo "2411"]
[PlyCount "126"]
[EventDate "2015.??.??"]

1. e4 e6 2. d4 d5 3. Nc3 Bb4 4. e5 c5 5. a3 Ba5 6. b4 cxd4 7. Nb5 Bc7 8. f4 Ne7
9. Nf3 Bd7 10. Nfxd4 O-O 11. Nxc7 Qxc7 12. Bb2 Nbc6 13. Bd3 Nf5 14. Bxf5 exf5
15. O-O Rfc8 16. e6 Bxe6 17. Nxe6 fxe6 18. Qe2 Re8 19. c4 Rad8 20. Rad1 dxc4
21. Qxc4 a6 22. Kh1 Qf7 23. Qc5 Rd5 24. Qb6 Qd7 25. Rde1 Rd2 26. Bc3 Rd3 27.
Re3 Rd1 28. Rfe1 Rxe1+ 29. Rxe1 Qd3 30. Rc1 Rd8 31. h3 Rd7 32. Qf2 h6 33. Qb2
Qg3 34. Qe2 Nd8 35. Qc4 Kh7 36. Rf1 Qd3 37. Qxd3 Rxd3 38. Rc1 Nc6 39. Kg1 g5
40. fxg5 hxg5 41. Kf2 Kg6 42. Ke2 Rd5 43. Ke3 Ne7 44. Ba1 f4+ 45. Ke4 Nf5 46.
Rc7 Nd6+ 47. Kf3 Rd3+ 48. Ke2 Re3+ 49. Kd2 Rxa3 50. Be5 Nb5 51. Rxb7 Kf5 52.
Bb8 Rg3 53. h4 Rxg2+ 54. Kd3 Rg3+ 55. Kd2 Ke4 56. Rb6 Nd4 57. hxg5 Rxg5 58.
Rxa6 f3 59. Ke1 Nc2+ 60. Kd2 Rg2+ 61. Kc3 Nd4 62. b5 f2 63. Ra4 e5
0-1

[Event "Fagernes Chess International"]
[Site "Fagernes"]
[Date "2015.03.29"]
[Round "7"]
[White "Bjerke, Richard"]
[Black "Salomon, Johan"]
[Result "0-1"]
[WhiteElo "2180"]
[BlackElo "2401"]
[Annotator "Doe,John"]
[PlyCount "106"]
[EventDate "2015.??.??"]

1. d4 Nf6 2. c4 e6 3. Nf3 Bb4+ 4. Nc3 b6 5. e3 Bb7 6. Bd3 O-O 7. O-O d5 8. cxd5
exd5 9. Ne5 Nbd7 10. f4 c5 11. Rf3 cxd4 12. exd4 Ne4 13. Bd2 Bxc3 14. Bxc3 f6
15. Nxd7 Qxd7 16. f5 Ng5 17. Rg3 a5 18. Qf1 Rfe8 19. Re1 Rxe1 20. Qxe1 Ne4 21.
Rf3 Ba6 22. Bxe4 dxe4 23. Qxe4 Bb7 24. d5 Re8 25. Qg4 Qxd5 26. Rg3 Qf7 27. Qd4
Kh8 28. Qxb6 a4 29. a3 Be4 30. Qb5 Qa7+ 31. Kh1 Rd8 32. Qe2 Bxf5 33. h3 h6 34.
Qh5 Qd7 35. Kh2 Kh7 36. Qf3 Re8 37. Qf2 Bg6 38. Re3 Qa7 39. Rf3 Qc7+ 40. Kg1
Be4 41. Re3 Qc6 42. Re1 Re6 43. Qd4 Qe8 44. Re2 Qc6 45. Re3 Re7 46. Re1 f5 47.
Qf2 Qg6 48. Re2 Qg5 49. Bd2 Qh5 50. Re1 Re6 51. Qc5 Rg6 52. Rxe4 Qf3 53. Rg4
Qd1+
0-1

[Event "Fagernes Chess International"]
[Site "Fagernes"]
[Date "2015.03.29"]
[Round "7"]
[White "Wallace, John Paul"]
[Black "Merkesvik, Sondre"]
[Result "1-0"]
[WhiteElo "2388"]
[BlackElo "2135"]
[PlyCount "91"]
[EventDate "2015.??.??"]

1. d4 Nf6 2. c4 g6 3. f3 c5 4. d5 d6 5. e4 Bg7 6. Nc3 O-O 7. Nge2 e6 8. Ng3 h5
9. Bg5 Qb6 10. Qb3 Qc7 11. Be2 e5 12. h4 Nh7 13. Bd2 Qe7 14. O-O-O Bf6 15. Nf1
Bxh4 16. g4 hxg4 17. fxg4 Bg5 18. Nb5 Bxd2+ 19. Nxd2 Rd8 20. Qh3 f6 21. Rh2 a6
22. Rdh1 Rd7 23. Nxd6 Qxd6 24. Qxh7+ Rxh7 25. Rxh7 g5 26. Rh8+ Kf7 27. Rxc8 Ra7
28. Rh7+ Kg6 29. Rcc7 Qf8 30. Nf1 Qg8 31. Rhe7 a5 32. Ne3 Na6 33. Rcd7 Nb8 34.
Rc7 Na6 35. Rxb7 Rxb7 36. Rxb7 Qa8 37. Re7 Qf8 38. Nf5 Nb8 39. Bd1 Qh8 40. a3
Na6 41. Kb1 a4 42. Ka1 Nb8 43. Ka2 Na6 44. Bxa4 Nc7 45. Rxc7 Qb8 46. Rg7#
1-0

[Event "Fagernes Chess International"]
[Site "Fagernes"]
[Date "2015.03.29"]
[Round "7"]
[White "Paulet, Iozefina"]
[Black "Hauge, Lars Oskar"]
[Result "0-1"]
[WhiteElo "2205"]
[BlackElo "2380"]
[PlyCount "68"]
[EventDate "2015.??.??"]

1. e4 c5 2. Nc3 g6 3. Nf3 Bg7 4. d4 cxd4 5. Nxd4 d6 6. Bc4 Nf6 7. Bb3 Nc6 8.
Be3 O-O 9. f3 Bd7 10. Qd2 Rc8 11. h4 h5 12. O-O-O Nxd4 13. Bxd4 b5 14. Bxa7 b4
15. Nd5 Nxd5 16. exd5 Qa5 17. Bd4 Rxc2+ 18. Bxc2 Qxa2 19. Qe3 Rc8 20. Kd2 Rxc2+
21. Kxc2 Qc4+ 22. Kd2 Bxd4 23. Qd3 Qxd5 24. Ke1 Qe5+ 25. Qe2 Qg3+ 26. Kd2 Bxb2
27. Rb1 Bc3+ 28. Ke3 Qe5+ 29. Kf2 Qc5+ 30. Kg3 Be5+ 31. f4 Qc3+ 32. Kf2 Bd4+
33. Kf1 Bg4 34. Qb5 Qc2
0-1

[Event "Fagernes Chess International"]
[Site "Fagernes"]
[Date "2015.03.29"]
[Round "7"]
[White "Dolzhikova, Olga"]
[Black "Mihajlov, Sebastian"]
[Result "0-1"]
[WhiteElo "2159"]
[BlackElo "2308"]
[PlyCount "72"]
[EventDate "2015.??.??"]

1. e4 e5 2. Nf3 Nc6 3. Bc4 Bc5 4. c3 Nf6 5. d3 O-O 6. Bb3 d5 7. Nbd2 Be6 8. Qe2
Qd7 9. h3 Rad8 10. Bc2 a5 11. Nf1 dxe4 12. dxe4 b5 13. Be3 Bc4 14. Qd2 Nb4 15.
Bb1 Qc6 16. Qc1 Nd3+ 17. Bxd3 Bxd3 18. Bxc5 Qxc5 19. Qe3 Nxe4 20. Qxc5 Nxc5 21.
b4 axb4 22. cxb4 Na6 23. a3 c5 24. Ne3 f6 25. bxc5 Nxc5 26. Rc1 Bc4 27. Rc3 Rd3
28. Rxd3 Nxd3+ 29. Ke2 Nf4+ 30. Kd2 Rd8+ 31. Kc2 Bd3+ 32. Kb3 Be4 33. Ne1 Rd7
34. f3 Bc6 35. N1c2 Nxg2 36. Rh2 Rd3+
0-1

[Event "Fagernes Chess International"]
[Site "Fagernes"]
[Date "2015.03.29"]
[Round "7"]
[White "Risting, Eivind Olav"]
[Black "Mihajlov, Svetoslav"]
[Result "1-0"]
[WhiteElo "2100"]
[BlackElo "2203"]
[PlyCount "93"]
[EventDate "2015.??.??"]

1. d4 d5 2. Bf4 Nf6 3. e3 c5 4. c3 Nbd7 5. Bd3 g6 6. Nd2 Bg7 7. h3 O-O 8. Ngf3
b6 9. Qe2 a6 10. a4 Bb7 11. O-O h6 12. b4 Ne4 13. Rac1 c4 14. Bb1 b5 15. Nxe4
dxe4 16. Nd2 f5 17. f3 exf3 18. Nxf3 Qb6 19. a5 Qc6 20. Bh2 Rae8 21. Rfd1 e5
22. d5 Qf6 23. e4 f4 24. Kf1 Rf7 25. Bg1 Bf8 26. Ke1 Rh7 27. Kd2 g5 28. Kc2 h5
29. Kb2 Rg7 30. Rf1 g4 31. Ne1 Bd6 32. Bc2 Qe7 33. Ka3 Rf8 34. Bd1 Qg5 35. Kb2
Nf6 36. Bc2 f3 37. gxf3 gxh3 38. Be3 Qg3 39. Rg1 h2 40. Rxg3 h1=Q 41. Rxg7+
Kxg7 42. f4 Ng4 43. Nf3 Qh3 44. f5 Kh8 45. Bc5 Rf6 46. Bxd6 Rxd6 47. Ng5
1-0

[Event "Fagernes Chess International"]
[Site "Fagernes"]
[Date "2015.03.29"]
[Round "7"]
[White "Hølleland, Sigve"]
[Black "Havik, Victor"]
[Result "0-1"]
[WhiteElo "1963"]
[BlackElo "2160"]
[PlyCount "76"]
[EventDate "2015.??.??"]

1. d4 Nf6 2. c4 e6 3. Nf3 b6 4. g3 Ba6 5. Nbd2 c5 6. e4 cxd4 7. e5 Ng4 8. h3
Nh6 9. Bg2 Nc6 10. O-O Nf5 11. g4 Nfe7 12. Qa4 Qc8 13. Nxd4 Nxd4 14. Bxa8 Qxa8
15. Qxa6 h5 16. g5 Nef5 17. f3 Bc5 18. Kf2 Nc2+ 19. Ke2 Ng3+ 20. Kd1 Ne3+ 21.
Ke1 Ngxf1 22. Nxf1 Nc2+ 23. Ke2 Nxa1 24. Qa4 Qc6 25. Qd1 Bg1 26. b3 Qc5 27. Ne3
Bxe3 28. Bxe3 Qxe5 29. f4 Qb2+ 30. Kf3 Nc2 31. Qd6 Qc3 32. Qb8+ Ke7 33. Qxh8
Qxe3+ 34. Kg2 Ne1+ 35. Kf1 Nd3 36. Kg2 Qf2+ 37. Kh1 Ne1 38. Qxh5 Qg2#
0-1

[Event "Fagernes Chess International"]
[Site "Fagernes"]
[Date "2015.03.29"]
[Round "7"]
[White "Martinsen, Stig K."]
[Black "Kaasen, Tor Fredrik"]
[Result "1-0"]
[WhiteElo "2157"]
[BlackElo "2099"]
[PlyCount "65"]
[EventDate "2015.??.??"]

1. c4 f5 2. g3 Nf6 3. Nf3 g6 4. Bg2 Bg7 5. O-O d6 6. d4 O-O 7. Nc3 Nc6 8. d5
Ne5 9. Qb3 h6 10. Nd4 Qe8 11. f4 Nf7 12. Ne6 Bxe6 13. dxe6 Nd8 14. c5 d5 15.
Nxd5 Nxd5 16. Bxd5 c6 17. Bc4 Bf6 18. Be3 g5 19. fxg5 Bxg5 20. Bxg5 hxg5 21.
Qd3 Qg6 22. g4 Rf6 23. gxf5 Qh5 24. e4 Kg7 25. e5 Rh6 26. f6+ Kh8 27. Qg3 exf6
28. exf6 g4 29. b4 Qg5 30. Qf4 Qg6 31. f7 Nxe6 32. Bxe6 Rf8 33. Qe5+
1-0

[Event "Fagernes Chess International"]
[Site "Fagernes"]
[Date "2015.03.29"]
[Round "7"]
[White "Djurhuus, Eivind X"]
[Black "Vovk, Oksana"]
[Result "1/2-1/2"]
[WhiteElo "2077"]
[BlackElo "2112"]
[PlyCount "80"]
[EventDate "2015.??.??"]

1. e4 e6 2. d4 d5 3. Nc3 Nf6 4. e5 Nfd7 5. f4 c5 6. Nf3 Nc6 7. Be3 cxd4 8. Nxd4
Bc5 9. Qd2 a6 10. O-O-O O-O 11. Qf2 Qe7 12. Bd3 Bxd4 13. Bxd4 b5 14. Be3 b4 15.
Na4 f6 16. exf6 Qxf6 17. Qf3 a5 18. Qh3 g6 19. Bb5 Bb7 20. Kb1 Rf7 21. Rhe1 Rc8
22. Bc5 Nxc5 23. Nxc5 Nd4 24. Nxb7 Nxb5 25. Rxe6 Qxf4 26. Rxg6+ hxg6 27. Qxc8+
Kg7 28. Nd8 Qf1 29. Rc1 Qf5 30. Qc5 d4 31. Qb6 Rf6 32. Qb7+ Kh8 33. g4 Qc5 34.
Qd7 Na3+ 35. Ka1 Qxc2 36. Qe8+ Kh7 37. Qe7+ Kg8 38. Qe8+ Kh7 39. Qe7+ Kg8 40.
Qe8+ Kh7
1/2-1/2

[Event "Fagernes Chess International"]
[Site "Fagernes"]
[Date "2015.03.29"]
[Round "7"]
[White "Kjølberg, Jens Hjorth"]
[Black "Grønnestad, Anita"]
[Result "1/2-1/2"]
[WhiteElo "2094"]
[BlackElo "1987"]
[PlyCount "69"]
[EventDate "2015.??.??"]

1. e4 e5 2. Nf3 Nf6 3. Nxe5 d6 4. Nc4 Nxe4 5. Nc3 Nf6 6. d4 Be7 7. Bd3 O-O 8.
O-O Re8 9. Ne3 Bf8 10. Qf3 Nc6 11. Ne2 g6 12. c3 Bg7 13. Nf4 Ne7 14. b3 d5 15.
Ba3 c6 16. Rac1 b6 17. Rfe1 a5 18. h3 Bb7 19. Ng4 Nxg4 20. hxg4 a4 21. b4 b5
22. Rc2 Nc8 23. Rce2 Rxe2 24. Qxe2 Nd6 25. Qe7 Bf8 26. Qxd8 Rxd8 27. f3 Re8 28.
Rxe8 Nxe8 29. Bc1 Bc8 30. Be2 Nd6 31. Nd3 Nc4 32. Nf4 Nd6 33. Nd3 Nc4 34. Nf4
Nd6 35. Nd3
1/2-1/2

[Event "Fagernes Chess International"]
[Site "Fagernes"]
[Date "2015.03.29"]
[Round "8"]
[White "Hammer, Jon Ludvig"]
[Black "Burmakin, Vladimir"]
[Result "1-0"]
[WhiteElo "2651"]
[BlackElo "2581"]
[PlyCount "55"]
[EventDate "2015.??.??"]

1. d4 Nf6 2. c4 c6 3. Nc3 d5 4. Nf3 a6 5. e3 g6 6. Bd3 Bg7 7. O-O O-O 8. Qb3
dxc4 9. Bxc4 b5 10. Be2 Bf5 11. Ng5 h6 12. e4 Bg4 13. Bxg4 Nxg4 14. Nf3 e5 15.
Nxe5 Nxe5 16. dxe5 Bxe5 17. Rd1 Qh4 18. g3 Qh3 19. Ne2 Nd7 20. Bxh6 Rfe8 21.
Be3 Nf6 22. f3 Qh5 23. Rf1 Nxe4 24. fxe4 Qxe2 25. Qxf7+ Kh8 26. Rae1 Qg4 27.
Rf6 Rg8 28. Rf4 1-0

[Event "Fagernes Chess International"]
[Site "Fagernes"]
[Date "2015.03.29"]
[Round "8"]
[White "Postny, Evgeny"]
[Black "Kulaots, Kaido"]
[Result "1/2-1/2"]
[WhiteElo "2645"]
[BlackElo "2558"]
[PlyCount "80"]
[EventDate "2015.??.??"]

1. d4 Nf6 2. c4 g6 3. Nc3 d5 4. Bf4 Bg7 5. e3 O-O 6. Rc1 Be6 7. Nf3 dxc4 8. Ng5
Bd5 9. e4 h6 10. exd5 hxg5 11. Bxg5 Nxd5 12. Bxc4 Nb6 13. Bb3 Nc6 14. Ne2 a5
15. a4 Rc8 16. O-O Nxd4 17. Nxd4 Qxd4 18. Bxe7 Rfe8 19. Bc5 Qxd1 20. Rfxd1 Bxb2
21. Rc2 Bf6 22. g3 Rcd8 23. Rxd8 Bxd8 24. Bxb6 cxb6 25. Rc8 Kf8 26. Rb8 Bc7 27.
Rxb7 Re1+ 28. Kg2 Rc1 29. Ra7 Ke7 30. h4 Rc3 31. Bd1 Ke6 32. Be2 Bd6 33. Bb5
Rc7 34. Ra8 Kf6 35. Rd8 Bc5 36. g4 Kg7 37. g5 Re7 38. Kg3 Re4 39. Rd7 Rd4 40.
Rxd4 Bxd4 1/2-1/2

[Event "Fagernes Chess International"]
[Site "Fagernes"]
[Date "2015.03.29"]
[Round "8"]
[White "Agdestein, Simen"]
[Black "Vovk, Yuri"]
[Result "1/2-1/2"]
[WhiteElo "2620"]
[BlackElo "2588"]
[PlyCount "108"]
[EventDate "2015.??.??"]

1. Nf3 Nf6 2. c4 g6 3. Nc3 d5 4. cxd5 Nxd5 5. Qb3 Nb6 6. d4 Bg7 7. Bf4 Be6 8.
Qa3 c5 9. Qxc5 Nc6 10. e3 Rc8 11. Qg5 h6 12. Qg3 Nc4 13. Be2 Nxb2 14. O-O Qa5
15. Rfc1 Bc4 16. Bxc4 Nxc4 17. Qh3 Qf5 18. Qxf5 gxf5 19. Nb5 Nb6 20. Nh4 Nd5
21. Nxf5 Nxf4 22. exf4 Bf6 23. Rab1 Kd7 24. d5 Nb4 25. Rxc8 Rxc8 26. Nxa7 Rc2
27. g4 Nxd5 28. Rxb7+ Ke6 29. Nb5 Rxa2 30. Kg2 Nxf4+ 31. Kf3 Nd3 32. Rb6+ Kd5
33. Rxf6 Rxf2+ 34. Ke3 exf6 35. Kxd3 Rxh2 36. Nbd4 Rh3+ 37. Ne3+ Ke5 38. Ndf5
Kf4 39. Kd4 Rh2 40. Kd3 Ra2 41. Nd5+ Ke5 42. Nde7 Ra3+ 43. Ke2 Kf4 44. Nd5+ Kg5
45. Nde3 Ra5 46. Ng3 Re5 47. Kf3 Rxe3+ 48. Kxe3 Kxg4 49. Ne4 f5 50. Nf6+ Kg3
51. Nh5+ Kh4 52. Nf6 Kg5 53. Nd5 Kg4 54. Nf6+ Kg3 1/2-1/2

[Event "Fagernes Chess International"]
[Site "Fagernes"]
[Date "2015.03.29"]
[Round "8"]
[White "Johannessen, Leif E"]
[Black "Donchenko, Alexander"]
[Result "1/2-1/2"]
[WhiteElo "2527"]
[BlackElo "2569"]
[PlyCount "64"]
[EventDate "2015.??.??"]

1. d4 Nf6 2. c4 e6 3. Nf3 Bb4+ 4. Bd2 a5 5. g3 b6 6. Bg2 Bb7 7. O-O O-O 8. Nc3
d6 9. Rc1 Nbd7 10. d5 Bxc3 11. Bxc3 Ne4 12. Bd4 Ndc5 13. Nd2 Nxd2 14. Qxd2 e5
15. Bc3 Na4 16. e4 Qe7 17. b3 Nxc3 18. Qxc3 Bc8 19. a3 Bd7 20. b4 axb4 21. axb4
Rfc8 22. Rfd1 h6 23. c5 bxc5 24. bxc5 dxc5 25. Qxc5 Qxc5 26. Rxc5 Kf8 27. Rdc1
Ke7 28. f4 f6 29. Rxc7 Rxc7 30. Rxc7 Ra1+ 31. Kf2 Ra2+ 32. Kg1 Ra1+ 1/2-1/2

[Event "Fagernes Chess International"]
[Site "Fagernes"]
[Date "2015.03.29"]
[Round "8"]
[White "Vovk, Andrey"]
[Black "Werle, Jan"]
[Result "1/2-1/2"]
[WhiteElo "2644"]
[BlackElo "2514"]
[PlyCount "40"]
[EventDate "2015.??.??"]

1. e4 c5 2. Nf3 e6 3. d4 cxd4 4. Nxd4 a6 5. Nc3 Qc7 6. Be3 Bb4 7. Qd3 Nf6 8.
Bd2 O-O 9. a3 Bxc3 10. Bxc3 d5 11. exd5 Nxd5 12. Bd2 e5 13. Nb5 axb5 14. Qxd5
Rd8 15. Qe4 Rd4 16. Qe3 Bf5 17. f3 b4 18. c3 bxc3 19. Bxc3 Nc6 20. Bb5 Rdd8
1/2-1/2

[Event "Fagernes Chess International"]
[Site "Fagernes"]
[Date "2015.03.29"]
[Round "8"]
[White "Graf, Felix"]
[Black "Mikalsen, Erlend"]
[Result "1-0"]
[WhiteElo "2478"]
[BlackElo "2161"]
[PlyCount "61"]
[EventDate "2015.??.??"]

1. d4 Nf6 2. c4 e6 3. Nf3 b6 4. a3 Ba6 5. Qc2 d5 6. cxd5 exd5 7. g3 Bd6 8. Bg2
O-O 9. O-O Re8 10. Nc3 Nbd7 11. Rd1 c6 12. Bg5 h6 13. Bf4 Qc7 14. e3 Rac8 15.
Rac1 Qb8 16. Bh3 Rcd8 17. Qa4 Bxf4 18. gxf4 Bb7 19. Ne5 Nxe5 20. fxe5 Nh7 21.
Ne2 Bc8 22. Bg2 Bd7 23. f4 Nf8 24. Ng3 Ng6 25. f5 Nxe5 26. dxe5 Qxe5 27. Rc3 a5
28. Qd4 Qb8 29. Nh5 Re5 30. Qg4 g5 31. Nf6+ 1-0

[Event "Fagernes Chess International"]
[Site "Fagernes"]
[Date "2015.03.29"]
[Round "8"]
[White "Hauge, Lars Oskar"]
[Black "Tari, Aryan"]
[Result "1/2-1/2"]
[WhiteElo "2380"]
[BlackElo "2509"]
[PlyCount "52"]
[EventDate "2015.??.??"]

1. e4 c6 2. d4 d5 3. e5 Bf5 4. Nf3 e6 5. Be2 c5 6. Be3 cxd4 7. Nxd4 Ne7 8. O-O
Nbc6 9. f4 Nxd4 10. Bxd4 Nc6 11. Bf2 Be7 12. Nd2 O-O 13. Nf3 f6 14. exf6 Bxf6
15. c3 Qd6 16. Be3 Rad8 17. Bd3 d4 18. cxd4 Nxd4 19. Bxf5 exf5 20. Bxd4 Bxd4+
21. Qxd4 Qxd4+ 22. Nxd4 Rxd4 23. Rad1 Rfd8 24. Rxd4 Rxd4 25. Rc1 b6 26. b3 Rd7
1/2-1/2

[Event "Fagernes Chess International"]
[Site "Fagernes"]
[Date "2015.03.29"]
[Round "8"]
[White "Christiansen, Johan-Sebastian"]
[Black "Rozentalis, Eduardas"]
[Result "1/2-1/2"]
[WhiteElo "2351"]
[BlackElo "2549"]
[PlyCount "43"]
[EventDate "2015.??.??"]

1. c4 b6 2. g3 Bb7 3. Nf3 e5 4. Bg2 g6 5. d4 e4 6. Ng5 f5 7. f3 Be7 8. Nh3 Nf6
9. Nc3 exf3 10. exf3 Nc6 11. d5 Ne5 12. Qe2 Nf7 13. O-O O-O 14. Be3 Re8 15. Qc2
Bf8 16. Bf2 Nd6 17. b3 Bg7 18. Rad1 Qe7 19. Na4 Nf7 20. Nc3 Nd6 21. Na4 Nf7 22.
Nc3 1/2-1/2

[Event "Fagernes Chess International"]
[Site "Fagernes"]
[Date "2015.03.29"]
[Round "8"]
[White "Salomon, Johan"]
[Black "Romanov, Evgeny"]
[Result "0-1"]
[WhiteElo "2401"]
[BlackElo "2613"]
[PlyCount "48"]
[EventDate "2015.??.??"]

1. d4 d5 2. c4 e6 3. Nf3 Bb4+ 4. Bd2 a5 5. a3 Be7 6. Nc3 Nf6 7. Qc2 c5 8. cxd5
cxd4 9. Nxd4 exd5 10. Ncb5 Na6 11. g3 Bd7 12. Bg2 Qb6 13. a4 Bc5 14. e3 Nb4 15.
Qb3 Ne4 16. Bxb4 Bxb4+ 17. Ke2 Rd8 18. Rac1 O-O 19. Rc2 Rfe8 20. Bf3 Bc5 21.
Rd1 Bxd4 22. Nxd4 Qxb3 23. Nxb3 Bxa4 24. Bxe4 Bxb3 0-1

[Event "Fagernes Chess International"]
[Site "Fagernes"]
[Date "2015.03.29"]
[Round "8"]
[White "Mihajlov, Sebastian"]
[Black "Urkedal, Frode Olav Olsen"]
[Result "0-1"]
[WhiteElo "2308"]
[BlackElo "2524"]
[PlyCount "102"]
[EventDate "2015.??.??"]

1. d4 Nf6 2. c4 e6 3. Nc3 Bb4 4. f3 c5 5. d5 b5 6. e4 O-O 7. e5 Ne8 8. f4 d6 9.
Nf3 Nc7 10. Bd3 exd5 11. cxd5 Bg4 12. O-O c4 13. Bc2 Nd7 14. Qe1 Bxf3 15. Rxf3
Qe7 16. Rh3 f5 17. g4 dxe5 18. fxe5 Nxe5 19. Bf4 Bxc3 20. bxc3 Qc5+ 21. Be3
Qxd5 22. Qg3 Ne8 23. gxf5 Nd3 24. Rf1 Rxf5 25. Rxf5 Qxf5 26. Bd4 Nf6 27. Bxd3
cxd3 28. Qxd3 Ne4 29. Rf3 Qg4+ 30. Kh1 a6 31. h3 Qe6 32. Rf4 Re8 33. Qf3 Qxa2
34. Rg4 g6 35. Qf5 Qe6 36. Qf4 Nxc3 37. Qc7 Qd5+ 38. Kh2 Re2+ 39. Kg1 Re1+ 40.
Kf2 Re2+ 41. Kg1 Re1+ 42. Kf2 Qa2+ 43. Kg3 Ne2+ 44. Kh4 Nxd4 45. Qd8+ Kf7 46.
Qxd4 Qe6 47. Rf4+ Kg8 48. Qd8+ Qe8 49. Qd5+ Kg7 50. Qd4+ Kh6 51. Kg4 Re3 0-1

[Event "Fagernes Chess International"]
[Site "Fagernes"]
[Date "2015.03.29"]
[Round "8"]
[White "RÃ¸yset, PÃ¥l"]
[Black "Dann, Matthias"]
[Result "1-0"]
[WhiteElo "2251"]
[BlackElo "2475"]
[PlyCount "81"]
[EventDate "2015.??.??"]

1. e4 c5 2. Nc3 a6 3. g3 b5 4. Bg2 Bb7 5. f4 e6 6. d3 d5 7. e5 Ne7 8. Nf3 Nf5
9. O-O h5 10. Ng5 Be7 11. Ne2 Nc6 12. h4 Qd7 13. a4 b4 14. Kh2 f6 15. Nf3 d4
16. Neg1 Nh6 17. Qe2 O-O-O 18. Nh3 Rdf8 19. Bd2 Ng4+ 20. Kg1 Bd8 21. c3 fxe5
22. cxb4 exf4 23. Nxf4 Rf5 24. Ng6 Re8 25. b5 axb5 26. axb5 Nb8 27. Nge5 Qxb5
28. Nc4 Bc7 29. Bf4 e5 30. Rae1 Nd7 31. Nfd2 Kb8 32. Bg5 Rxf1+ 33. Rxf1 Ndf6
34. Bxb7 Qxb7 35. Ne4 Nxe4 36. dxe4 Qa6 37. Rf3 Qc6 38. Rf7 Qe6 39. Nd6 Qb3 40.
Rf3 Qe6 41. Qb5+ 1-0

[Event "Fagernes Chess International"]
[Site "Fagernes"]
[Date "2015.03.29"]
[Round "8"]
[White "Haug, Johannes"]
[Black "Haugli, Petter"]
[Result "1/2-1/2"]
[WhiteElo "2339"]
[BlackElo "2247"]
[PlyCount "115"]
[EventDate "2015.??.??"]

1. e4 c5 2. Nf3 e6 3. c3 d5 4. exd5 exd5 5. d4 Nc6 6. Bb5 Bd6 7. O-O Nge7 8.
dxc5 Bxc5 9. Nbd2 O-O 10. Nb3 Bb6 11. Re1 Nf5 12. Bd3 Qd6 13. Bxf5 Bxf5 14. Be3
Bxe3 15. Rxe3 Bg4 16. h3 Bh5 17. Qf1 Bxf3 18. Rxf3 Ne5 19. Re3 Nc4 20. Re2 Rfe8
21. Rae1 Kf8 22. Nd4 Qd7 23. g3 Rxe2 24. Qxe2 Re8 25. Qxe8+ Qxe8 26. Rxe8+ Kxe8
27. b3 Nd6 28. f3 Ke7 29. Kf2 Kf6 30. Ke3 h5 31. h4 g5 32. hxg5+ Kxg5 33. Ne2
Nf5+ 34. Kf2 a6 35. Nc1 Nd6 36. a4 Kf5 37. Nd3 Ne8 38. a5 Nd6 39. Ke3 Nb5 40.
Kd2 d4 41. c4 Nd6 42. Nc5 Ke5 43. Kd3 Nf5 44. Ne4 Ne7 45. Ng5 Kf6 46. Ne4+ Ke5
47. Nc5 Nf5 48. f4+ Kf6 49. Ne4+ Ke6 50. b4 Ke7 51. b5 axb5 52. cxb5 Kd8 53.
Nc5 Kc7 54. Ne4 Kd8 55. Kc4 Kc7 56. Kd3 Kd8 57. Nc5 Kc7 58. Ne4 1/2-1/2

[Event "Fagernes Chess International"]
[Site "Fagernes"]
[Date "2015.03.29"]
[Round "8"]
[White "Galinsky, Timofey"]
[Black "Wallace, John Paul"]
[Result "0-1"]
[WhiteElo "2411"]
[BlackElo "2388"]
[PlyCount "92"]
[EventDate "2015.??.??"]

1. d4 Nf6 2. Nf3 b6 3. Bg5 e6 4. Nbd2 h6 5. Bxf6 Qxf6 6. c3 Bb7 7. e3 g6 8. Bd3
Bg7 9. Qe2 O-O 10. h4 d6 11. g4 Qe7 12. O-O-O Nd7 13. Kb1 a5 14. Rhg1 a4 15. h5
g5 16. Nh2 a3 17. b3 e5 18. Nhf1 e4 19. Bc2 Ba6 20. Qe1 d5 21. f3 c5 22. fxe4
Rfc8 23. exd5 Nf6 24. d6 Qe8 25. Ng3 Nd5 26. Nde4 cxd4 27. Rxd4 Bxd4 28. exd4
Nxc3+ 29. Nxc3 Qxe1+ 30. Rxe1 Rxc3 31. Nf5 Kf8 32. Nxh6 Re8 33. Rxe8+ Kxe8 34.
d7+ Kxd7 35. Nxf7 Ke7 36. Ne5 Rg3 37. Kc1 Bc8 38. h6 Rh3 39. h7 Kf6 40. Kd2 b5
41. Ke2 Be6 42. Kf2 Kg7 43. Kg2 Rc3 44. Be4 Bxb3 45. axb3 a2 46. Nf7 Rc8 0-1

[Event "Fagernes Chess International"]
[Site "Fagernes"]
[Date "2015.03.29"]
[Round "8"]
[White "Goossens, Hanne"]
[Black "Paulet, Iozefina"]
[Result "1-0"]
[WhiteElo "2168"]
[BlackElo "2205"]
[PlyCount "71"]
[EventDate "2015.??.??"]

1. e4 c5 2. Nf3 d6 3. d4 cxd4 4. Nxd4 Nf6 5. Nc3 a6 6. Be3 e5 7. Nb3 Be7 8. h3
h5 9. f4 Nc6 10. Qe2 h4 11. O-O-O Nh5 12. Nd5 Nxf4 13. Nxf4 exf4 14. Bxf4 Be6
15. Kb1 Rc8 16. Qd2 Ne5 17. Nd4 Rc5 18. Be2 Qd7 19. Rhf1 O-O 20. Nf5 Bxf5 21.
exf5 Rfc8 22. Bxe5 Rxe5 23. f6 Bxf6 24. Bg4 Qc7 25. Bxc8 Qxc8 26. Qxd6 Re6 27.
Qd3 Qc6 28. Rf3 Re4 29. a3 Re5 30. Qd2 Rg5 31. Re1 b5 32. Qe2 Kh7 33. Qd3+ Kg8
34. Rfe3 g6 35. Rf3 Rd5 36. Rxf6 
1-0